|
|
|
|
| LEADER |
01062nam a2200253 a 4500 |
| 001 |
11964 |
| 003 |
BD-DhAAL |
| 008 |
090707s1982 enk b 001 0 eng d |
| 999 |
|
|
|c 2121
|d 2121
|
| 040 |
|
|
|a BD-DhAAL
|
| 082 |
0 |
0 |
|a 820.912
|2 21
|
| 245 |
1 |
4 |
|a The new Pelican guide to English literature
|n Vol.6,
|p From Dickens to Hardy /
|c edited by Boris Ford.
|
| 250 |
|
|
|a Rev.and expanded ed.
|
| 260 |
|
|
|a Harmondsworth, Middlesex :
|b Penguin,
|c 1982.
|
| 300 |
|
|
|a 530 pages ;
|c 20 cm.
|
| 490 |
1 |
|
|a Pelican guide to English literature ;
|v v. 6
|
| 504 |
|
|
|a Includes bibliographical references and index.
|
| 541 |
1 |
|
|e 11964
|
| 650 |
|
0 |
|a English literature
|y 19th century
|x History and criticism.
|9 41328
|
| 650 |
|
0 |
|a English literature
|y 20th century
|x History and criticism.
|9 41329
|
| 700 |
1 |
|
|a Ford, Boris,
|d 1917-
|9 41330
|
| 852 |
4 |
|
|a Ayesha Abed Library
|j General Stacks
|
| 942 |
|
|
|2 ddc
|c BK
|
| 952 |
|
|
|0 0
|1 0
|2 ddc
|4 0
|6 820_912000000000000_NEW
|7 0
|9 1957
|a BRACUL
|b BRACUL
|c GEN
|d 2009-07-07
|g 752.00
|l 1
|o 820.912 NEW
|p 3010011964
|r 2024-06-04
|s 2024-05-29
|t 1
|v 1504.00
|w 2009-07-07
|y BK
|x $8.95
|